000 00998nam a2200265Ia 4500
003 OSt
005 20221005111209.0
006 a|||||r|||| 00| 0
007 ta
008 221004b |||||||| |||| 00| 0 hin d
020 _a9789350722992 (hbk)
_c900
024 _a16838
037 _b520, 21/03/2015, Vani Prakashan
_cTextual
040 _aCRL
_cCRL
_bhin
041 _2hin
_ahin
082 _aNW44(O152,1N23x), 152Q3
100 _aतिवारी, ब्रज भूषण
245 0 _aगीतों का जादूगर शैलेन्द्र
246 _aGītoan kā jādūgar shailendra
260 _aनई दिल्ली
_bवाणी प्रकाशन भारत
_c2013
300 _a227पृ0
_ccm.
650 _aल्थ्ल्त् क्ल्ज्ञ
942 _hNW44(O152,1N23x), 152Q3
_cTEXL
_2cc
999 _c1021120
_d1021120